01168 a2200181 45000010006000000050017000060080041000230030015000640400040000790800031001192450081001500200018002312640041002493000019002905050647003090410008009561000022009645992620260407155852.0260407a1992 arg spa dAR-UNSa-BCEJYS aAR-UNSa-BCEJYSbspacAR-UNSa-BCEJYS a341xDerecho internacional10aDerecho internacional económicopy relaciones económicas internacionales a950-20-0659-3 1aBuenos Aires :bAbeledo Perrotc1992 a604 p.c23 cm. a1. El sistema económico internacional – 2. Ámbito material, origen y especificidad del Derecho Internacional Económico – 3. Fundamentos del Derecho Internacional Económico – 4. Los mecanismos de elaboración – 5. El marco jurídico de las relaciones comerciales internacionales – 6. El marco jurídico de las relaciones financieras internacionales – 7. Un subsistema en plena evolución: el tratamiento y gestión de la deuda externa – 8. Inversión externa – 9. Derecho tributario internacional – 10. Sanciones y esquemas coercitivos – 11. Solución de controversias de derecho internacional económico -  aspa1 aDi Giovan, Ileana